| 000 | 00355nam a2200133Ia 4500 | ||
|---|---|---|---|
| 008 | 210210b1979 xxu||||| |||| 00| 0 eng d | ||
| 082 | _a923.6K NAGV | ||
| 100 | _aNAGEGAUDA (Ech El). | ||
| 245 | _aVeriyar elvinara girijana prapancha. | ||
| 260 |
_aBengaluru _bSahitya Sadana Prakashana _c1979 |
||
| 300 | _a248 | ||
| 690 | _aBiography | ||
| 906 | _aSG02882 | ||
| 999 |
_c113885 _d113885 |
||